Chemistry: a unified approach

Guardat en:
Dades bibliogràfiques
Autors principals: Buttle, J. W (Autor), Daniels, D. J (Autor), Beckett, P. J (Autor)
Format: Llibre
Idioma:anglès
Publicat: Londres Butterworths 1974
Edició:3a. ed
Matèries:
Etiquetes: Afegir etiqueta
Sense etiquetes, Sigues el primer a etiquetar aquest registre!

MARC

LEADER 00000nam a2200000 a 4500
001 UCU3614
003 CL-VaPUC
008 960510e19740000UK |||||||||||||||||eng|d
082 0 4 |a 540  |b BUT  |2 21 
100 0 |a Buttle, J. W  |e author  |9 360653 
700 0 |a Daniels, D. J  |e author  |9 360654 
700 0 |a Beckett, P. J  |e author  |9 360655 
245 1 0 |a Chemistry: a unified approach 
250 |a 3a. ed 
300 |a 580 p 
942 |c BK 
945 |d 19960510 00:00:00  |a cmena 
260 |a Londres  |b Butterworths  |c 1974 
650 0 |a Química  |9 259896 
650 0 |a Átomos  |9 259583 
650 0 |a Estados de la Materia  |9 347141 
650 0 |a Cinética  |9 260943 
650 7 |a PRODUCTOS QUIMICOS INORGANICOS  |2 CL-VaPUC  |9 344421 
650 0 |a Gases  |9 260945 
650 7 |a NITROGENO  |2 CL-VaPUC  |9 358135 
650 7 |a CARBONATOS  |2 CL-VaPUC  |9 360656 
650 7 |a INDUSTRIA QUIMICA  |2 CL-VaPUC  |9 360657 
583 |a last modification  |c 19960510 00:00:00  |k Rodrigo Vera 
999 |c 247561  |d 247559 
952 |0 0  |1 0  |4 0  |6 540_000000000000000_BUT_1974  |7 0  |8 A  |9 263561  |a BIBING  |b BIBING  |d 2019-11-19  |i 1656597  |o 540 BUT 1974  |p 1656597  |r 2025-01-20  |w 2019-11-19  |y BK  |k EIQ